[Event "Romulus op"]
[Site "Romulus"]
[Date "2000.09.04"]
[Round "7"]
[White "Fleeman, Paul"]
[Black "Sobh, Bassel"]
[Result "0-1"]
[WhiteElo "999"]
[BlackElo "865"]
[PlyCount "66"]
[EventDate "2000.09.01"]
[EventType "swiss"]
[EventRounds "7"]
[EventCountry "USA"]
[SourceTitle "EXT 2007"]
[Source "ChessBase"]
[SourceDate "2006.11.23"]
[SourceVersion "1"]
[SourceVersionDate "2006.11.23"]
[SourceQuality "1"]

1. d4 d5 2. c4 dxc4 3. Nc3 e6 4. e3 Bb4 5. Bxc4 Nf6 6. Nf3 0-0 7. 0-0 c6 8. Bb3 b5 9. Qd3 Bxc3 10. bxc3 Nbd7 11. e4 Bb7 12. e5 Nh5 13. Bc2 g6 14. Ng5 c5 15. Qxb5 Rb8 16. Qd3 cxd4 17. cxd4 Qc7 18. Re1 Qc6 19. f3 Rfc8 20. Re2 Ba6 21. Qd2 Bxe2 22. Qxe2 Qxc2 23. Qxc2 Rxc2 24. Be3 Rbc8 25. Ne4 Re2 26. Bg5 Rcc2 27. Nd2 Rcxd2 28. Bxd2 Rxd2 29. a4 Rxd4 30. a5 a6 31. Rc1 Ra4 32. Rc7 Nxe5 33. Rc5 Nc4 0-1

[Event "Romulus op"]
[Site "Romulus"]
[Date "2000.09.04"]
[Round "6"]
[White "Frantz, John C"]
[Black "Fleeman, Paul"]
[Result "0-1"]
[WhiteElo "443"]
[BlackElo "999"]
[PlyCount "70"]
[EventDate "2000.09.01"]
[EventType "swiss"]
[EventRounds "7"]
[EventCountry "USA"]
[SourceTitle "EXT 2007"]
[Source "ChessBase"]
[SourceDate "2006.11.23"]
[SourceVersion "1"]
[SourceVersionDate "2006.11.23"]
[SourceQuality "1"]

1. e4 g6 2. Nf3 Bg7 3. Ng5 Nh6 4. Qf3 0-0 5. Bc4 e6 6. d4 Bxd4 7. Nh3 Bg7 8. Nd2 c6 9. Nb3 b5 10. Be2 Qc7 11. Bf4 Qd8 12. Qg3 Bb7 13. Qg5 f6 14. Qh4 g5 15. Qg3 gxf4 16. Qxf4 Qe7 17. Na5 Qb4+ 18. Qd2 Qxb2 19. Qc1 Qb4+ 20. Qd2 Qxd2+ 21. Kxd2 Ba6 22. f4 c5 23. Bf3 Rd8 24. e5 d5 25. exf6 Bxf6 26. g4 Bxa1 27. Rxa1 Nd7 28. g5 Nf5 29. Bg4 Re8 30. Bh5 Rf8 31. Re1 Ng7 32. Bg4 Rae8 33. f5 exf5 34. Rxe8 Rxe8 35. Bh5 Nxh5 0-1